000
00316nam a22001217a 4500
040
_c
HS
082
_a
303 MIC 1991 C086
100
_a
MICHAEL M. CERNEA
245
_a
Putting people first : sociological variables in rural development
260
_a
New York
_b
MICHAEL M. CERNEA
_c
1991
300
_a
575p;
942
_c
EK
999
_c
11085
_d
11085